00453 2200181 4500001002100000005001500021008004100036035002500077041000800102082000800110090000800118100001800126245002100144250001600165260005200181300001200233650002600245INLIS00000000001568420130516022712 ind  a0010-051300000015684 aind a373 a373 aAgus, Nurhadi aCopsep 2002-2003 aCetakan : 1 aSemarangbDinas Pendidikan dan Kebudayaanc2003 a;29 cm. aAnggaran Dasar Negara